[Event "ESP-chT CECLUB Div2"]
[Site "Linares"]
[Date "2023.08.18"]
[Round "7.8"]
[White "Domingo Nunez, Ruben"]
[Black "Garcia Carbo, Marcial"]
[Result "1-0"]
[WhiteElo "2420"]
[BlackElo "2213"]
[PlyCount "53"]
[EventDate "2023.08.13"]
[EventType "team-swiss"]
[EventRounds "7"]
[EventCountry "ESP"]
[SourceTitle "EXT 2024"]
[Source "ChessBase"]
[SourceDate "2023.10.10"]
[SourceVersion "1"]
[SourceVersionDate "2023.10.10"]
[SourceQuality "1"]
[WhiteTeam "Granada Aimpulsa"]
[BlackTeam "Rianxo CC"]
[WhiteTeamCountry "ESP"]
[BlackTeamCountry "ESP"]

1. e4 e6 2. d4 d5 3. Nc3 Bb4 4. Nge2 dxe4 5. a3 Be7 6. Nxe4 Nf6 7. Qd3 Nxe4 8. Qxe4 Bf6 9. Bf4 c6 10. 0-0-0 Nd7 11. Ng3 Qa5 12. Bc4 Nb6 13. Bb3 Bg5 14. h4 Bxf4+ 15. Qxf4 Nd5 16. Qg5 Rg8 17. c4 Qb6 18. Rd3 Nf6 19. Re1 Kf8 20. Qe5 Qd8 21. Nf5 b6 22. Nd6 Ne8 23. Nxe8 Qxe8 24. d5 c5 25. dxe6 Bxe6 26. Qd6+ Qe7 27. Rxe6 1-0

[Event "Ourense Campus 6th"]
[Site "Ourense"]
[Date "2019.07.04"]
[Round "6.10"]
[White "Garcia Carbo, Marcial"]
[Black "Sotelo Lopez, Francisco"]
[Result "1-0"]
[WhiteElo "2225"]
[BlackElo "1451"]
[PlyCount "25"]
[EventDate "2019.07.01"]
[EventType "swiss"]
[EventRounds "9"]
[EventCountry "ESP"]
[SourceTitle "EXT 2024"]
[Source "ChessBase"]
[SourceDate "2023.10.10"]
[SourceVersion "1"]
[SourceVersionDate "2023.10.10"]
[SourceQuality "1"]

1. e4 e5 2. Nf3 Nc6 3. Bb5 a6 4. Ba4 b5 5. Bb3 Be7 6. 0-0 Nf6 7. Re1 0-0 8. d4 Nxd4 9. Bxf7+ Rxf7 10. Nxe5 Ne6 11. Nxf7 Kxf7 12. e5 Ng8 13. Qf3+ 1-0

[Event "ESP-chT Autonomicas"]
[Site "Padron"]
[Date "2006.10.06"]
[Round "3.1"]
[White "Alsina Leal, Daniel"]
[Black "Garcia Carbo, Marcial"]
[Result "1-0"]
[WhiteElo "2430"]
[BlackElo "2384"]
[PlyCount "113"]
[EventDate "2006.10.05"]
[EventType "team-swiss"]
[EventRounds "6"]
[EventCountry "ESP"]
[SourceTitle "EXT 2018"]
[Source "ChessBase"]
[SourceDate "2017.10.13"]
[SourceVersion "1"]
[SourceVersionDate "2017.10.13"]
[SourceQuality "1"]
[WhiteTeam "Catalunya"]
[BlackTeam "Galicia"]
[WhiteTeamCountry "ESP"]
[BlackTeamCountry "ESP"]

1. e4 e6 2. d4 d5 3. Nc3 Bb4 4. e5 Ne7 5. a3 Bxc3+ 6. bxc3 c5 7. Qg4 0-0 8. Bd3 f5 9. exf6 Rxf6 10. Bg5 e5 11. Qh4 e4 12. Bxf6 gxf6 13. Be2 Nf5 14. Qh3 Ng7 15. Qe3 Nc6 16. dxc5 Qa5 17. Rd1 d4 18. Qd2 dxc3 19. Qd5+ Be6 20. Qxe4 Kh8 21. Nf3 Qxa3 22. 0-0 Qxc5 23. Qh4 Rf8 24. Bd3 Qh5 25. Qxh5 Nxh5 26. Be4 Na5 27. Rd6 Nf4 28. Nd4 Bc4 29. Ra1 b6 30. Rd7 Rf7 31. Rxf7 Bxf7 32. Ra3 Bd5 33. Bxd5 Nxd5 34. Nb5 Nc6 35. Nxc3 Ndb4 36. Ne4 Nxc2 37. Rc3 N2d4 38. Kf1 Kg7 39. Nd6 Kf8 40. Nb5 Nxb5 41. Rxc6 Ke7 42. g4 Kf7 43. h4 Nd4 44. Rc7+ Kg8 45. Rxa7 Nf3 46. h5 Nh2+ 47. Kg2 Nxg4 48. Kg3 Nh6 49. Kf4 b5 50. Rb7 Kh8 51. Rxb5 Kg8 52. Rb8+ Kg7 53. Rb7+ Kg8 54. Ra7 Kh8 55. f3 Kg8 56. Ke4 Kh8 57. Kd5 1-0

[Event "Vila de Marin op 5th"]
[Site "Vila de Marin"]
[Date "2005.08.29"]
[Round "9"]
[White "Garcia Carbo, Marcial"]
[Black "Pena Torres, Jose Carlos"]
[Result "1-0"]
[WhiteElo "2355"]
[BlackElo "2110"]
[PlyCount "105"]
[EventDate "2005.08.21"]
[EventType "swiss"]
[EventRounds "9"]
[EventCountry "ESP"]
[SourceTitle "CBM 108 Extra"]
[Source "ChessBase"]
[SourceDate "2005.11.04"]
[SourceVersion "1"]
[SourceVersionDate "2005.11.04"]
[SourceQuality "1"]

1. e4 e6 2. d4 d5 3. Nd2 c5 4. exd5 exd5 5. Ngf3 Nc6 6. Bb5 Bd6 7. dxc5 Bxc5 8. 0-0 Nge7 9. Nb3 Bd6 10. Re1 0-0 11. Bd3 Qc7 12. h3 Nb4 13. Nbd4 Nxd3 14. Qxd3 Bd7 15. Bg5 Rfe8 16. c3 Ng6 17. Nf5 Bc5 18. Rad1 h6 19. Bc1 Nf4 20. Bxf4 Qxf4 21. N3d4 Re4 22. Rxe4 dxe4 23. Qg3 Qxg3 24. Nxg3 Re8 25. Nb3 Ba4 26. Rd5 Bxb3 27. axb3 Bb6 28. Kf1 g6 29. Rd7 e3 30. f3 Re5 31. f4 Ra5 32. Rxb7 Ra2 33. f5 Rxb2 34. fxg6 Rf2+ 35. Ke1 fxg6 36. Ne4 Rxg2 37. Nf6+ Kf8 38. Nd7+ Ke8 39. Nxb6 axb6 40. Rxb6 Rc2 41. Re6+ Kd7 42. Rxe3 g5 43. c4 Rb2 44. Kd1 Kd6 45. Kc1 Rg2 46. b4 h5 47. c5+ Kd5 48. Rc3 g4 49. hxg4 Rxg4 50. c6 Rg8 51. c7 Rc8 52. b5 h4 53. b6 1-0

[Event "Vila de Marin op 5th"]
[Site "Vila de Marin"]
[Date "2005.08.21"]
[Round "1"]
[White "Garcia Carbo, Marcial"]
[Black "Perez Malvido, Javier"]
[Result "1-0"]
[WhiteElo "2355"]
[BlackElo "1850"]
[PlyCount "51"]
[EventDate "2005.08.21"]
[EventType "swiss"]
[EventRounds "9"]
[EventCountry "ESP"]
[SourceTitle "CBM 108 Extra"]
[Source "ChessBase"]
[SourceDate "2005.11.04"]
[SourceVersion "1"]
[SourceVersionDate "2005.11.04"]
[SourceQuality "1"]

1. e4 c5 2. Nf3 e6 3. d4 cxd4 4. Nxd4 Nf6 5. Nc3 Nc6 6. Ndb5 Bb4 7. a3 Bxc3+ 8. Nxc3 d5 9. exd5 exd5 10. Bd3 d4 11. Ne4 Ng4 12. Bf4 Nge5 13. 0-0 0-0 14. Bxe5 Nxe5 15. Re1 f5 16. Nc5 Qf6 17. Qe2 Nxd3 18. Qxd3 Kh8 19. Rad1 Rd8 20. Qxd4 Qxd4 21. Rxd4 Rg8 22. Re7 b6 23. Nd3 g6 24. Ne5 f4 25. Rxf4 Bf5 26. g4 1-0

[Event "Padron op 5th"]
[Site "Padron"]
[Date "2004.08.25"]
[Round "6"]
[White "Nanu, Ciprian Costica"]
[Black "Garcia Carbo, Marcial"]
[Result "1/2-1/2"]
[WhiteElo "2505"]
[BlackElo "2324"]
[PlyCount "86"]
[EventDate "2004.08.20"]
[EventType "swiss"]
[EventRounds "9"]
[EventCountry "ESP"]
[SourceTitle "EXT 2005"]
[Source "ChessBase"]
[SourceDate "2004.11.15"]
[SourceVersion "1"]
[SourceVersionDate "2004.11.15"]
[SourceQuality "1"]

1. Nf3 Nf6 2. c4 e6 3. e3 d5 4. d4 c5 5. Nc3 Nc6 6. cxd5 exd5 7. Bb5 a6 8. Bxc6+ bxc6 9. 0-0 Bd6 10. dxc5 Bxc5 11. Qc2 Qc7 12. Ne2 Bd6 13. Ned4 Bd7 14. Nf5 0-0 15. b3 Ne4 16. Nxd6 Qxd6 17. Bb2 Rfe8 18. Nd2 Ng5 19. f4 Ne4 20. f5 Qh6 21. Nxe4 Rxe4 22. Bd4 f6 23. Rf3 Qh5 24. Raf1 Qe8 25. Rf4 Rxf4 26. Rxf4 Qe7 27. g4 Rc8 28. Bc5 Qe5 29. b4 Ra8 30. Bd4 Qe7 31. g5 Qxb4 32. gxf6 gxf6 33. Qd1 Qf8 34. Kf2 Qh6 35. h4 Rb8 36. Qa4 Qg7 37. Be5 c5 38. Qd1 Rb4 39. Qxd5+ Qf7 40. Qa8+ Kg7 41. Qg2+ Kh8 42. Qa8+ Kg7 43. Qg2+ Kh8 1/2-1/2

[Event "Pedrido op"]
[Site "Pedrido"]
[Date "2004.08.05"]
[Round "3"]
[White "Hernandez Carmenates, Holden"]
[Black "Garcia Carbo, Marcial"]
[Result "1-0"]
[WhiteElo "2426"]
[BlackElo "2311"]
[PlyCount "89"]
[EventDate "2004.08.??"]
[EventType "swiss"]
[EventRounds "9"]
[EventCountry "ESP"]
[SourceTitle "EXT 2005"]
[Source "ChessBase"]
[SourceDate "2004.11.15"]
[SourceVersion "1"]
[SourceVersionDate "2004.11.15"]
[SourceQuality "1"]

1. d4 e6 2. c4 c5 3. d5 exd5 4. cxd5 d6 5. Nf3 g6 6. Nc3 Bg7 7. Nd2 a6 8. a4 Nd7 9. Nce4 Ngf6 10. Nxf6+ Nxf6 11. Nc4 0-0 12. g3 Bf5 13. Bg2 Re8 14. 0-0 Be4 15. Bg5 Bxg2 16. Kxg2 Qe7 17. Nb6 Qe4+ 18. Kg1 Rad8 19. e3 h6 20. Bxf6 Bxf6 21. Ra2 h5 22. a5 Qf5 23. b3 Re4 24. Nc4 h4 25. f3 Ree8 26. g4 Qd7 27. Qd3 Qe7 28. Rg2 Kh7 29. Kh1 Kg8 30. Rfg1 Be5 31. g5 Bg7 32. Rg4 h3 33. R1g3 Qd7 34. Rxh3 Qb5 35. Rhg3 Re7 36. Rg1 Rde8 37. e4 Rd8 38. R4g2 Bd4 39. Rd1 Qd7 40. f4 Bg7 41. f5 gxf5 42. exf5 Rde8 43. f6 Re1+ 44. Rg1 Rxd1 45. Rxd1 1-0

[Event "Santxenxo op"]
[Site "Pontevedra"]
[Date "2004.06.19"]
[Round "7"]
[White "Garcia Carbo, Marcial"]
[Black "Frois, Antonio"]
[Result "1/2-1/2"]
[WhiteElo "2311"]
[BlackElo "2334"]
[PlyCount "28"]
[EventDate "2004.06.??"]
[EventType "swiss"]
[EventRounds "10"]
[EventCountry "ESP"]
[SourceTitle "EXT 2005"]
[Source "ChessBase"]
[SourceDate "2004.11.15"]
[SourceVersion "1"]
[SourceVersionDate "2004.11.15"]
[SourceQuality "1"]

1. e4 c5 2. Nf3 g6 3. d4 cxd4 4. Nxd4 Nc6 5. c4 Nf6 6. Nc3 d6 7. Nc2 Bg7 8. Be2 Nd7 9. Bd2 a5 10. 0-0 Nc5 11. f3 0-0 12. Be1 Be6 13. Rb1 Nb4 14. Qd2 Nxc2 1/2-1/2

[Event "Santxenxo op"]
[Site "Pontevedra"]
[Date "2004.06.15"]
[Round "3"]
[White "Hernandez Estevez, Yudania"]
[Black "Garcia Carbo, Marcial"]
[Result "0-1"]
[WhiteElo "2214"]
[BlackElo "2311"]
[PlyCount "70"]
[EventDate "2004.06.??"]
[EventType "swiss"]
[EventRounds "10"]
[EventCountry "ESP"]
[SourceTitle "EXT 2005"]
[Source "ChessBase"]
[SourceDate "2004.11.15"]
[SourceVersion "1"]
[SourceVersionDate "2004.11.15"]
[SourceQuality "1"]

1. e4 e6 2. d4 d5 3. Nc3 Bb4 4. Nge2 dxe4 5. a3 Be7 6. Nxe4 Nf6 7. N2g3 Nc6 8. c3 e5 9. Nxf6+ Bxf6 10. d5 Ne7 11. Bc4 a6 12. Qf3 Qd7 13. Ne4 Qf5 14. Qxf5 Bxf5 15. Nxf6+ gxf6 16. 0-0 Be4 17. f4 Rg8 18. g3 Bxd5 19. Bxd5 Nxd5 20. fxe5 fxe5 21. Rf5 f6 22. c4 Nb6 23. Rxf6 Nxc4 24. b3 Na5 25. Bb2 Nxb3 26. Rd1 Nd4 27. Bxd4 0-0-0 28. Rf7 Rxd4 29. Re1 Rd7 30. Rxd7 Kxd7 31. Rxe5 Kd6 32. Rh5 Rg7 33. Kf2 Re7 34. h4 c5 35. Rh6+ Kd5 0-1

[Event "Poio op 3rd"]
[Site "Poio"]
[Date "2003.09.05"]
[Round "6.3"]
[White "Garcia Carbo, Marcial"]
[Black "Iotov, Valentin Dimitrov"]
[Result "1-0"]
[WhiteElo "2383"]
[BlackElo "2281"]
[PlyCount "69"]
[EventDate "2003.08.31"]
[EventType "swiss"]
[EventRounds "9"]
[EventCountry "ESP"]
[SourceTitle "EXT 2004"]
[Source "ChessBase"]
[SourceDate "2003.11.25"]
[SourceVersion "1"]
[SourceVersionDate "2003.11.25"]
[SourceQuality "1"]

1. e4 c5 2. Nf3 e6 3. d4 cxd4 4. Nxd4 Nc6 5. Nc3 Qc7 6. Be3 a6 7. Qd2 Nf6 8. f3 b5 9. 0-0-0 Bb7 10. g4 d6 11. Nxc6 Bxc6 12. g5 Nd7 13. Ne2 Be7 14. Nd4 Bb7 15. h4 Rc8 16. h5 Ne5 17. Rh3 d5 18. Kb1 dxe4 19. Bf4 Nc4 20. Bxc4 Qxc4 21. Be5 f6 22. gxf6 gxf6 23. Bh2 e5 24. Nf5 Qc7 25. Rg3 e3 26. Nxe3 Rd8 27. Qe2 Rxd1+ 28. Qxd1 Qd7 29. Qg1 Qe6 30. h6 Kf8 31. Rg7 Bc6 32. Rxe7 Qxe7 33. Nf5 Qd7 34. Qg7+ Ke8 35. Qxh8+ 1-0

[Event "Poio op 3rd"]
[Site "Poio"]
[Date "2003.09.02"]
[Round "3.6"]
[White "Abalde Fernandez, Esteban"]
[Black "Garcia Carbo, Marcial"]
[Result "0-1"]
[WhiteElo "2129"]
[BlackElo "2383"]
[PlyCount "82"]
[EventDate "2003.08.31"]
[EventType "swiss"]
[EventRounds "9"]
[EventCountry "ESP"]
[SourceTitle "EXT 2004"]
[Source "ChessBase"]
[SourceDate "2003.11.25"]
[SourceVersion "1"]
[SourceVersionDate "2003.11.25"]
[SourceQuality "1"]

1. e4 e6 2. d4 d5 3. Nc3 Bb4 4. e5 c5 5. a3 Bxc3+ 6. bxc3 Ne7 7. Qg4 Kf8 8. Nf3 Qa5 9. Bd2 Qa4 10. Ra2 Nbc6 11. Bd3 h6 12. 0-0 b6 13. Rb1 Ba6 14. Bxa6 Qxa6 15. Ne1 Qc4 16. Rab2 cxd4 17. cxd4 Qxd4 18. Qxd4 Nxd4 19. Bb4 Ndc6 20. Bd6 Ke8 21. Nd3 Kd7 22. Nc5+ bxc5 23. Rb7+ Kd8 24. Rc7 Rc8 25. Rcb7 c4 26. c3 Re8 27. R1b5 f6 28. f4 fxe5 29. fxe5 Rf8 30. Rc5 Rf7 31. g4 Ke8 32. Kg2 g5 33. h3 Kf8 34. Rcb5 Kg7 35. Rd7 Ng6 36. Rxf7+ Kxf7 37. Rb7+ Kg8 38. Kg3 Ngxe5 39. Bxe5 Nxe5 40. Rxa7 d4 41. cxd4 c3 0-1

[Event "Galicia-ch"]
[Site "Padron"]
[Date "2002.03.28"]
[Round "6"]
[White "Garcia Carbo, Marcial"]
[Black "Perez Mauricio, Xoel"]
[Result "1-0"]
[WhiteElo "2360"]
[BlackElo "2061"]
[PlyCount "108"]
[EventDate "2002.03.23"]
[EventType "swiss"]
[EventRounds "9"]
[EventCountry "ESP"]
[SourceTitle "EXT 2003"]
[Source "ChessBase"]
[SourceDate "2002.11.25"]
[SourceVersion "1"]
[SourceVersionDate "2002.11.25"]
[SourceQuality "1"]

1. e4 c5 2. Nc3 a6 3. Nf3 d6 4. d4 cxd4 5. Nxd4 Nf6 6. Be3 Ng4 7. Bg5 h6 8. Bh4 g5 9. Bg3 Bg7 10. Be2 h5 11. Bxg4 hxg4 12. Nd5 Nc6 13. Nf5 Bxf5 14. exf5 Bxb2 15. Rb1 Qa5+ 16. Qd2 Bd4 17. Qxa5 Nxa5 18. 0-0 Rc8 19. Rfe1 Rc5 20. Nxe7 Be5 21. f6 Bxg3 22. fxg3 Kd7 23. Rbd1 Re8 24. Re4 Nc6 25. Rde1 Re5 26. Rxe5 Nxe5 27. a4 Nc6 28. Rb1 Kc7 29. Nxc6 Kxc6 30. Rb4 Re5 31. Rxg4 Rf5 32. h4 gxh4 33. gxh4 Rxf6 34. h5 b5 35. a5 Kc5 36. c3 Rh6 37. Rh4 f5 38. Kf2 Kd5 39. Kg3 Ke5 40. Rh1 Kf6 41. Kf4 Rh7 42. h6 Kg6 43. g3 Kf6 44. Rd1 Rd7 45. Rd3 Kg6 46. h7 Kxh7 47. Kxf5 Rc7 48. g4 Kg7 49. g5 Rc4 50. Re3 b4 51. cxb4 Rxb4 52. Re7+ Kf8 53. Ra7 Rb5+ 54. Kf6 Kg8 1-0

[Event "ESP-ch op-A"]
[Site "Cala Mendia"]
[Date "2001.11.22"]
[Round "6"]
[White "Garcia Carbo, Marcial"]
[Black "Garcia Lopez, Miguel Angel"]
[Result "1/2-1/2"]
[WhiteElo "2360"]
[BlackElo "2117"]
[PlyCount "94"]
[EventDate "2001.11.17"]
[EventType "swiss"]
[EventRounds "9"]
[EventCountry "ESP"]
[SourceTitle "CBM 085 Extra"]
[Source "ChessBase"]
[SourceDate "2002.01.21"]
[SourceVersion "1"]
[SourceVersionDate "2002.01.21"]
[SourceQuality "1"]

1. e4 c5 2. Nf3 e6 3. d4 cxd4 4. Nxd4 Qb6 5. Nb3 Qc7 6. Nc3 a6 7. Qe2 d6 8. Be3 Nf6 9. g4 Nc6 10. g5 Nd7 11. a4 b6 12. f4 Bb7 13. Bg2 Na5 14. Nxa5 bxa5 15. 0-0 0-0-0 16. f5 Kb8 17. Rad1 g6 18. fxe6 fxe6 19. Rf7 Qc8 20. Bh3 Ne5 21. Rf6 Re8 22. Nd5 Qc4 23. Nf4 Be7 24. Rxe6 Qxe2 25. Nxe2 Bc8 26. Nd4 Bxe6 27. Bxe6 Rhf8 28. Kg2 Bd8 29. Bd5 Ng4 30. Bg1 Ne5 31. Ne6 Rh8 32. Bd4 h6 33. h4 hxg5 34. hxg5 Rh5 35. Be3 Reh8 36. Bf4 Bb6 37. Bb3 Bc7 38. Rd5 R8h7 39. Nxc7 Kxc7 40. Rxa5 Rh4 41. Bxe5 dxe5 42. Rxe5 Rh2+ 43. Kg3 R7h3+ 44. Kg4 Rh4+ 45. Kf3 R4h3+ 46. Kf4 Rf2+ 47. Kg4 Rff3 1/2-1/2

[Event "ESP-ch op-A"]
[Site "Cala Mendia"]
[Date "2001.11.21"]
[Round "5"]
[White "Gallardo Garcia, Andres"]
[Black "Garcia Carbo, Marcial"]
[Result "1-0"]
[WhiteElo "2299"]
[BlackElo "2360"]
[PlyCount "135"]
[EventDate "2001.11.17"]
[EventType "swiss"]
[EventRounds "9"]
[EventCountry "ESP"]
[SourceTitle "CBM 085 Extra"]
[Source "ChessBase"]
[SourceDate "2002.01.21"]
[SourceVersion "1"]
[SourceVersionDate "2002.01.21"]
[SourceQuality "1"]

1. Nf3 Nf6 2. c4 c5 3. g3 g6 4. Bg2 Bg7 5. Nc3 Nc6 6. 0-0 0-0 7. d4 cxd4 8. Nxd4 Ng4 9. e3 d6 10. b3 Nxd4 11. exd4 Nh6 12. Bb2 Nf5 13. d5 a6 14. Qd2 Rb8 15. Ne4 b5 16. Bxg7 Nxg7 17. Rac1 bxc4 18. bxc4 Bf5 19. c5 dxc5 20. Rxc5 Qd7 21. Rc6 Qa7 22. Rfc1 Rfc8 23. Nc5 a5 24. h3 h5 25. Kh2 Rb5 26. Nb3 Rcb8 27. Rc7 R5b7 28. d6 exd6 29. Bxb7 Rxb7 30. Rxb7 Qxb7 31. Nxa5 Qd7 32. Nc4 Ne8 33. Nb6 Qb7 34. Qd4 Be6 35. a4 Qf3 36. Qf4 Qa3 37. Nc8 d5 38. Nb6 d4 39. Rd1 d3 40. Qd4 Bf5 41. g4 hxg4 42. hxg4 Qb3 43. Re1 Be6 44. Re3 Qc2 45. Rxd3 Bxg4 46. Nd5 Be6 47. Rc3 Qa2 48. Nc7 Nxc7 49. Rxc7 Qe2 50. Rc5 Qf3 51. Rb5 f6 52. a5 g5 53. a6 g4 54. a7 Kg7 55. Rg5+ Kf7 56. Qe3 g3+ 57. Rxg3 Qh5+ 58. Kg2 Bd5+ 59. f3 Qf5 60. Qc3 Qd7 61. Qc5 Qb7 62. Qc2 Ke6 63. Qf2 Kf7 64. Qe3 Qb2+ 65. Qf2 Qb4 66. Qc2 Ke6 67. Qc8+ Ke5 68. Qb8+ 1-0